Pulmonary tuberculosis / (Record no. 85884)

MARC details
000 -LEADER
campo de control de longitud fija 00648nam a2200205 i 4500
001 - NÚMERO DE CONTROL
campo de control 85884
003 - IDENTIFICADOR DE NÚMERO DE CONTROL
campo de control ES-MaACL
005 - FECHA Y HORA DE LA ÚLTIMA TRANSACCIÓN
campo de control 20250730025316.0
007 - CAMPO FIJO DE DESCRIPCIÓN FÍSICA--INFORMACIÓN GENERAL
campo de control de longitud fija t|
008 - DATOS DE LONGITUD FIJA--INFORMACIÓN GENERAL
campo de control de longitud fija 041202s1945 xxk ||||1| eng d
100 1# - ENTRADA PRINCIPAL--NOMBRE DE PERSONA
Nombre de persona Keers, R. J.
9 (RLIN) 67717
245 10 - MENCIÓN DEL TÍTULO
Título Pulmonary tuberculosis /
Mención de responsabilidad, etc. by R.J. Keers and B.G. Rigden ; with a foreword by F.H. Joung.
260 ## - PUBLICACIÓN, DISTRIBUCIÓN, ETC.
Lugar de publicación, distribución, etc. Edinburg :
Nombre del editor, distribuidor, etc. Livingstone,
Fecha de publicación, distribución, etc. 1945 (
Fabricante J. and M. Gray)
300 ## - DESCRIPCIÓN FÍSICA
Extensión X, 273 p., 67 lám. :
Otras características físicas il. ;
Dimensiones 19 cm.
650 07 - PUNTO DE ACCESO ADICIONAL DE MATERIA--TÉRMINO DE MATERIA
Término de materia o nombre geográfico como elemento de entrada Tuberculosis
Fuente del encabezamiento o término embne
9 (RLIN) 17658
700 1# - ENTRADA AGREGADA--NOMBRE PERSONAL
Nombre de persona Rigden, B. G.
9 (RLIN) 97201
700 1# - ENTRADA AGREGADA--NOMBRE PERSONAL
Nombre de persona Young, F. H.
9 (RLIN) 117685
852 ## - LOCALIZACIÓN
Ubicación ES-MaACL
Número de control de estantería B-10394
Sublocalización o colección R.22127
Holdings
Estatus retirado Estado de pérdida Estado de daño No para préstamo Biblioteca de origen Biblioteca actual Ubicación en estantería Fecha de adquisición Fuente de adquisición Total de préstamos Signatura topográfica completa Código de barras Visto por última vez Precio de reemplazo Tipo de ítem Koha
        Biblioteca del Ateneo de Madrid Biblioteca del Ateneo de Madrid Sala Pardo Bazán 17/01/2008     B-10394 1089749 23/02/2023 23/02/2023 Libro impreso